L'école démocratique : Vers un renoncement politique ? (notice n° 1567993)

détails MARC
000 -LEADER
fixed length control field 01721cam a2200133 4500500
005 - DATE AND TIME OF LATEST TRANSACTION
control field 20251214003810.0
041 ## - LANGUAGE CODE
Language code of text/sound track or separate title fre
042 ## - AUTHENTICATION CODE
Authentication code dc
100 10 - MAIN ENTRY--PERSONAL NAME
Personal name Ben Ayed, Choukri
Relator term author
245 00 - TITLE STATEMENT
Title L'école démocratique : Vers un renoncement politique ?
260 ## - PUBLICATION, DISTRIBUTION, ETC.
Name of publisher, distributor, etc. Armand Colin,<br/>
Date of publication, distribution, etc. 2010.<br/>
520 ## - SUMMARY, ETC.
Summary, etc. Jamais l’école n’a été autant au cœur du débat public : les réformes se succèdent et suscitent doutes et controverses. Leur manque de cohérence globale et leur caractère souvent précipité donnent le sentiment d’une situation confuse, d’une perte de repères quant au sens et aux finalités de l’éducation. Comment analyser et comprendre les changements éducatifs en train de se faire ? Quelles sont leurs implications idéologiques et politiques ? Statut de l’école maternelle, traitement de la difficulté scolaire, violence à l’école, éducation prioritaire, suppression de la carte scolaire, soutien scolaire privé, les auteurs analysent les réformes menées actuellement et en démontrent le dénominateur commun : une vision mythologique et passéiste d’une certaine orthodoxie pédagogique alliée à un libéralisme éducatif. Ce nouvel ordre éducatif, en s’alignant sur un modèle emprunté à l’économie marchande – compétitivité, concurrence, libre choix du consommateur – met à mal les idéaux de justice, de solidarité et d’égalité auxquels une grande partie de la communauté éducative est attachée. L’ouvrage se conclut par des propositions d’actions possibles pour créer les conditions d’une véritable école démocratique.
856 41 - ELECTRONIC LOCATION AND ACCESS
Uniform Resource Identifier <a href="https://shs.cairn.info/l-ecole-democratique--9782200350819?lang=fr&redirect-ssocas=7080">https://shs.cairn.info/l-ecole-democratique--9782200350819?lang=fr&redirect-ssocas=7080</a>

Pas d'exemplaire disponible.

PLUDOC

PLUDOC est la plateforme unique et centralisée de gestion des bibliothèques physiques et numériques de Guinée administré par le CEDUST. Elle est la plus grande base de données de ressources documentaires pour les Étudiants, Enseignants chercheurs et Chercheurs de Guinée.

Adresse

627 919 101/664 919 101

25 boulevard du commerce
Kaloum, Conakry, Guinée

Réseaux sociaux

Powered by Netsen Group @ 2025